000
00273nam a2200121Ia 4500
008
220204s9999 xx 000 0 und d
082
_a
678FP
_b
WAL
245
0
_a
Fluoropolymers
260
_a
New York
_c
1972
650
_a
Fluoropolymers
700
_a
Wall, L A
942
_c
BK
999
_c
25449
_d
25449